Theatre Performance And Technology (Record no. 316022)

MARC details
000 -LEADER
fixed length control field 00434nam a2200169Ia 4500
008 - FIXED-LENGTH DATA ELEMENTS--GENERAL INFORMATION
fixed length control field 230718s9999 xx 000 0 und d
041 ## - LANGUAGE CODE
Language code of text/sound track or separate title eng
082 ## - DEWEY DECIMAL CLASSIFICATION NUMBER
Classification number 792.025
Item number BAU
100 ## - MAIN ENTRY--PERSONAL NAME
Personal name Baugh C.
9 (RLIN) 164409
245 ## - TITLE STATEMENT
Title Theatre Performance And Technology
260 ## - PUBLICATION, DISTRIBUTION, ETC. (IMPRINT)
Name of publisher, distributor, etc. Palgrave
300 ## - PHYSICAL DESCRIPTION
Accompanying material [OBSOLETE, CAN/MARC] Ref 302 G (27229)
365 ## - TRADE PRICE
Currency code Rs.
Price amount 1388.00
500 ## - GENERAL NOTE
Keywords 302 GEN
700 ## - ADDED ENTRY--PERSONAL NAME
Personal name Baugh C.
9 (RLIN) 164409
906 ## - LOCAL DATA ELEMENT F, LDF (RLIN)
d B:286015-Feb-2007
c OTH
b 277.6
Holdings
Withdrawn status Lost status Source of classification or shelving scheme Reference No Damaged status Not for loan Home library Current library Date acquired Vendor Budget Code Cost, normal purchase price Bill number Full call number Barcode Date last seen Discount Cost, replacement price Bill Date Koha item type Original Barcode
Withdrawn 2022-23   Dewey Decimal Classification Ref 302 G (27229)   Reference Cummins College of Engineering for Women Pune Cummins College of Engineering for Women Pune 16/02/2007 Pradeep Book Distributors OTH 1110.40 2860 792.025 CCEP-BK-27229 18/07/2023 277.6 1388.00 15/02/2007 Books 027229